<?xml version="1.0" encoding="UTF-8"?>
<record
    xmlns:xsi="http://www.w3.org/2001/XMLSchema-instance"
    xsi:schemaLocation="http://www.loc.gov/MARC21/slim http://www.loc.gov/standards/marcxml/schema/MARC21slim.xsd"
    xmlns="http://www.loc.gov/MARC21/slim">

  <leader>00653nam a22001937a 4500</leader>
  <controlfield tag="003">SISC</controlfield>
  <controlfield tag="005">20160404092051.0</controlfield>
  <controlfield tag="008">130907t        xxu||||| |||| 00| 0 eng d</controlfield>
  <datafield tag="020" ind1=" " ind2=" ">
    <subfield code="a">088441339x</subfield>
  </datafield>
  <datafield tag="050" ind1=" " ind2=" ">
    <subfield code="a">HS 3353.G5</subfield>
    <subfield code="b">.B885 1986</subfield>
  </datafield>
  <datafield tag="082" ind1=" " ind2=" ">
    <subfield code="a">HS 369.46302 </subfield>
    <subfield code="b">B82 1986</subfield>
  </datafield>
  <datafield tag="245" ind1=" " ind2=" ">
    <subfield code="a">Brownie girl scouts leader's guide /</subfield>
  </datafield>
  <datafield tag="260" ind1=" " ind2=" ">
    <subfield code="a">New York :</subfield>
    <subfield code="b">Girl Scouts of the United States of America, </subfield>
    <subfield code="c">c1986.  </subfield>
  </datafield>
  <datafield tag="300" ind1=" " ind2=" ">
    <subfield code="a">61 p. :</subfield>
    <subfield code="b">ill. ;</subfield>
    <subfield code="c">28 cm.</subfield>
  </datafield>
  <datafield tag="650" ind1=" " ind2=" ">
    <subfield code="a">Girl Scouts</subfield>
    <subfield code="x">Handbooks , manuals , etc. </subfield>
    <subfield code="9">17075</subfield>
  </datafield>
  <datafield tag="650" ind1=" " ind2=" ">
    <subfield code="a">Brownie Girl Scouts</subfield>
    <subfield code="x">United States</subfield>
    <subfield code="x">Handbooks, manuals, etc</subfield>
    <subfield code="x">Juvenile literature. </subfield>
    <subfield code="9">17076</subfield>
  </datafield>
  <datafield tag="942" ind1=" " ind2=" ">
    <subfield code="2">lcc</subfield>
    <subfield code="c">BK</subfield>
  </datafield>
  <datafield tag="999" ind1=" " ind2=" ">
    <subfield code="c">10601</subfield>
    <subfield code="d">10601</subfield>
  </datafield>
  <datafield tag="952" ind1=" " ind2=" ">
    <subfield code="0">0</subfield>
    <subfield code="1">0</subfield>
    <subfield code="2">lcc</subfield>
    <subfield code="4">0</subfield>
    <subfield code="a">LUX</subfield>
    <subfield code="b">LUX</subfield>
    <subfield code="c">HS</subfield>
    <subfield code="d">2013-09-07</subfield>
    <subfield code="l">0</subfield>
    <subfield code="o">HS 3353.G5 .B885 1986</subfield>
    <subfield code="p">11215</subfield>
    <subfield code="r">2016-04-04 00:00:00</subfield>
    <subfield code="t">1</subfield>
    <subfield code="w">2013-09-07</subfield>
    <subfield code="y">BK</subfield>
  </datafield>
</record>
